Irrigation in Egypt. Translated from the Frech by Mayor A. M. Miller

Uloženo v:
Podrobná bibliografie
Hlavní autor: Barois, J (Autor)
Korporativní autor: House of Representatives, USA (Autor)
Médium: Kniha
Jazyk:angličtina
Vydáno: Washington, D.C Government Printing Office 1890
Vydání:1a. ed
Témata:
Tagy: Přidat tag
Žádné tagy, Buďte první, kdo vytvoří štítek k tomuto záznamu!

MARC

LEADER 00000nam a2200000 a 4500
001 UCJ8355
003 CL-VaPUC
008 070124e18900000US |||||||||||||||||eng|d
082 0 4 |a 631  |b BAR  |2 21 
100 0 |a Barois, J  |e author  |9 517141 
110 2 |a House of Representatives, USA  |e author  |9 517142 
245 1 0 |a Irrigation in Egypt. Translated from the Frech by Mayor A. M. Miller 
250 |a 1a. ed 
300 |a pág. irreg 
942 |c BK 
945 |d 20070124 00:00:00  |a rinostro 
260 |a Washington, D.C  |b Government Printing Office  |c 1890 
650 0 |a Recursos naturales  |9 255232 
650 0 |a Agricultura  |9 255598 
650 7 |a REGADIO  |2 CL-VaPUC  |9 385903 
650 0 |a Ilustraciones  |9 369481 
651 0 |a Egipto   |9 268199 
583 |a last modification  |c 20070124 00:00:00  |k Rodrigo Vera 
999 |c 324109  |d 324107 
952 |0 0  |1 0  |4 0  |6 631_000000000000000_BAR_1890  |7 0  |8 X  |9 404023  |a FDOBUD  |b FDOBUD  |d 2019-11-22  |i 1076671  |o 631 BAR 1890  |p 1076671  |r 2019-11-22  |w 2019-11-22  |y BK_X  |k BUD